000 00582nam a22001937a 4500
005 20171122154237.0
010 _aENG-121576
020 _a8189102915
_c300.00
035 _aEN-105108
037 _bDBAD/PUB
082 _a370.15
100 _aPal, B.K
245 _aEducation psychology /
_cby Pal B.K
260 _aDelhi
_bPrerna Parkashan
_c2011
270 _aC-13, Plot No. : 2, D-5, Rose Apartment, Sector-14 Extn.,Rohini
_bDelhi
_e110085
300 _a320p.
_c22cm(pbk)
500 _aIncludes bibliographical references
942 _2ddc
_cEN
_h370.15
_mPAL
999 _c147681
_d147681